LIBRARY & INFORMATION CENTRE, KCAET, TAVANUR

ONLINE PUBLIC ACCESS CATALOGUE (OPAC)

Aberrations of thim lenses: An elementary treatment for technicians and students / (Record no. 8571)

MARC details
000 -LEADER
fixed length control field 00493cam a2200181ua 4500
041 ## - LANGUAGE CODE
Language code of text/sound track or separate title eng
082 ## - DEWEY DECIMAL CLASSIFICATION NUMBER
Classification number 535.2
Item number EMS/AB
100 ## - MAIN ENTRY--AUTHOR NAME
Personal name Emsley, H H .
245 ## - TITLE STATEMENT
Title Aberrations of thim lenses: An elementary treatment for technicians and students /
250 ## - EDITION STATEMENT
Edition statement 1 /
260 ## - PUBLICATION, DISTRIBUTION, ETC. (IMPRINT)
Place of publication London :
Name of publisher Constable and Company Ltd ,
Year of publication 1936.
300 ## - PHYSICAL DESCRIPTION
Number of Pages 352 ; .
942 ## - ADDED ENTRY ELEMENTS (KOHA)
Koha item type Books
Holdings
Withdrawn status Lost status Damaged status Home library Current library Date acquired Full call number Accession Number Koha item type
      KAUAET KAUAET 07/04/2012 535.2 EMS/AB 3471 Books
free website counter